The Common Symptom Guide : (Record no. 16053)
[ view plain ]
| 000 -LEADER | |
|---|---|
| fixed length control field | 01397cam a22003614a 4500 |
| 001 - CONTROL NUMBER | |
| control field | 15461058 |
| 005 - DATE AND TIME OF LATEST TRANSACTION | |
| control field | 20161020113454.0 |
| 008 - FIXED-LENGTH DATA ELEMENTS--GENERAL INFORMATION | |
| fixed length control field | 080920s2009 nyuaf f 000 0 eng |
| 010 ## - LIBRARY OF CONGRESS CONTROL NUMBER | |
| LC control number | 2008041606 |
| 015 ## - NATIONAL BIBLIOGRAPHY NUMBER | |
| National bibliography number | GBA944228 |
| Source | bnb |
| 016 7# - NATIONAL BIBLIOGRAPHIC AGENCY CONTROL NUMBER | |
| Record control number | 101484793 |
| Source | DNLM |
| 016 7# - NATIONAL BIBLIOGRAPHIC AGENCY CONTROL NUMBER | |
| Record control number | 015174607 |
| Source | Uk |
| 020 ## - INTERNATIONAL STANDARD BOOK NUMBER | |
| International Standard Book Number | 0071625690 (pbk. : alk. paper) |
| 020 ## - INTERNATIONAL STANDARD BOOK NUMBER | |
| International Standard Book Number | 9780071625692 (pbk. : alk. paper) |
| 035 ## - SYSTEM CONTROL NUMBER | |
| System control number | (OCoLC)ocn256769289 |
| 040 ## - CATALOGING SOURCE | |
| Original cataloging agency | DNLM/DLC |
| Transcribing agency | DLC |
| Modifying agency | NLM |
| -- | BTCTA |
| -- | YDXCP |
| -- | UKM |
| -- | C#P |
| -- | CDX |
| -- | VP@ |
| -- | DLC |
| 042 ## - AUTHENTICATION CODE | |
| Authentication code | pcc |
| 050 00 - LIBRARY OF CONGRESS CALL NUMBER | |
| Classification number | RC69 |
| Item number | .C76 2009 |
| 060 10 - NATIONAL LIBRARY OF MEDICINE CALL NUMBER | |
| Classification number | WB 39 |
| Item number | C734 2009 |
| 082 00 - DEWEY DECIMAL CLASSIFICATION NUMBER | |
| Classification number | 616.047 |
| Edition number | 22 |
| Item number | COM |
| 245 04 - TITLE STATEMENT | |
| Title | The Common Symptom Guide : |
| Remainder of title | A Guide to the Evaluation of Common Adult and Pediatric Symptoms / |
| Statement of responsibility, etc | John H. Wasson ... [et al.]. |
| 250 ## - EDITION STATEMENT | |
| Edition statement | 6th ed. |
| 260 ## - PUBLICATION, DISTRIBUTION, ETC. (IMPRINT) | |
| Place of publication, distribution, etc | New York : |
| Name of publisher, distributor, etc | McGraw Hill Medical, 2009 |
| Date of publication, distribution, etc | c2009. |
| 300 ## - PHYSICAL DESCRIPTION | |
| Extent | 375 p., [4] p. of plates : |
| Other physical details | ill. (some col.) ; |
| Dimensions | 21 cm. |
| 650 #0 - SUBJECT ADDED ENTRY--TOPICAL TERM | |
| Topical term or geographic name as entry element | Symptoms |
| Form subdivision | Handbooks, manuals, etc. |
| 9 (RLIN) | 27251 |
| 650 #0 - SUBJECT ADDED ENTRY--TOPICAL TERM | |
| Topical term or geographic name as entry element | Diagnosis |
| Form subdivision | Handbooks, manuals, etc. |
| 9 (RLIN) | 27252 |
| 650 12 - SUBJECT ADDED ENTRY--TOPICAL TERM | |
| Topical term or geographic name as entry element | Diagnosis |
| Form subdivision | Handbooks. |
| 9 (RLIN) | 27253 |
| 653 ## - INDEX TERM--UNCONTROLLED | |
| Resource For college | |
| Arrived date list | September2011 |
| 650 22 - SUBJECT ADDED ENTRY--TOPICAL TERM | |
| 9 (RLIN) | 27254 |
| Topical term or geographic name as entry element | Signs and Symptoms |
| Form subdivision | Handbooks. |
| 700 1# - ADDED ENTRY--PERSONAL NAME | |
| Personal name | Wasson, John, |
| Titles and other words associated with a name | M.D. |
| 9 (RLIN) | 27255 |
| 942 ## - ADDED ENTRY ELEMENTS (KOHA) | |
| Source of classification or shelving scheme | Dewey Decimal Classification |
| Item type | |
| Withdrawn status | Item status | Source of classification or shelving scheme | Damaged status | Not for loan | Vendor | Home library | Current library | Shelving location | Date acquired | Source of acquisition | Cost, normal purchase price | Serial Enumeration / chronology | Total Checkouts | Total Renewals | Full call number | Barcode | Date last seen | Date last borrowed | Koha item type |
|---|---|---|---|---|---|---|---|---|---|---|---|---|---|---|---|---|---|---|---|
| Dewey Decimal Classification | Baccah | Central Library | Central Library | First floor | 19/09/2011 | 155.70 | 143 | 10 | 34 | 616.047 COM | 000024763 | 15/07/2025 | 12/11/2020 | Book - Borrowing |